000 00463cam a22001217a 4500
008 180718b1950 xxu||||| |||| 00| 0 eng d
082 _aQ100 Un3t
245 _aTeamwork in our town: through a community welfare council
_cby United Community Funds and Councils of America, U.S.A.
260 _aNew York
_bUnited Community Funds and Councils of America
_c1950
300 _av.p.
650 _aTeamwork
700 _aU.S.A. United Community Funds and Councils of America
999 _c432210
_d432210